000 005540000a22001690004500
090 _aAR
_b00701
245 1 0 _aTechnology development and the convention on biological diversity: Emerging International Policy Issues
650 1 4 _aConvenios internacionales
_93879
650 1 4 _aPolíticas ambientales
_95366
650 1 4 _aBiotecnología
_992825
651 4 _pAfrica
_992749
041 0 _aInglés
700 1 _aMugabe, John
_97502
100 1 _aJuma, Calestous
_99415
942 _cARTICULO
773 1 _tAfrican Centre for Technology Studies
_3270
_q1-34
_d1994?
999 _c9792
_d9792